Trh státních dluhopisů v České republice
Postavenie štátnych dlhopisov na kapitálovom a peňažnom trhu v ČR. Obchodovanie so štátnymi dlhopismi na primárnom trhu a formy aukčného predaja. Aukcia štátnych dlhopisov. Obchodovanie na organizovanom a neorganizovanom sekundárnom trhu.
Na minha lista:
| Formato: | Capítulo de Livro |
|---|---|
| Idioma: | tcheco |
| Assuntos: | |
| Tags: |
Sem tags, seja o primeiro a adicionar uma tag!
|
MARC
| LEADER | 00000naa a2200000 4500 | ||
|---|---|---|---|
| 001 | r000593 | ||
| 005 | 20221213082116.0 | ||
| 041 | 0 | |a cze | |
| 044 | |a CZ | ||
| 245 | 1 | 0 | |a Trh státních dluhopisů v České republice |
| 520 | |a Postavenie štátnych dlhopisov na kapitálovom a peňažnom trhu v ČR. Obchodovanie so štátnymi dlhopismi na primárnom trhu a formy aukčného predaja. Aukcia štátnych dlhopisov. Obchodovanie na organizovanom a neorganizovanom sekundárnom trhu. | ||
| 610 | 2 | 0 | |a dlhopisy |
| 610 | 2 | 0 | |a trh kapitálový |
| 610 | 2 | 0 | |a Česko |
| 610 | 2 | 0 | |a aukcie |